Principles Of Managerial Finance (Record no. 33381)

MARC details
000 -LEADER
fixed length control field 00421nam a22001697a 4500
005 - DATE AND TIME OF LATEST TRANSACTION
control field 20230901181208.0
008 - FIXED-LENGTH DATA ELEMENTS--GENERAL INFORMATION
fixed length control field 230901b |||||||| |||| 00| 0 eng d
082 ## - DEWEY DECIMAL CLASSIFICATION NUMBER
Classification number 658.15
Item number GIM-M
100 ## - MAIN ENTRY--AUTHOR
Author Name Gitman,Lawrence J.
245 ## - TITLE STATEMENT
Title Principles Of Managerial Finance
260 ## - PUBLICATION, DISTRIBUTION, ETC.
Place of Publication India
Date of publication, distribution, etc. 20120
300 ## - PHYSICAL DESCRIPTION
Pages 756
500 ## - GENERAL NOTE
General note incluide appendex,index
650 ## - SUBJECT ADDED ENTRY--TOPICAL TERM
Subject / Department management
700 ## - ADDED ENTRY--PERSONAL NAME
Personal name Lawrence J.Gitman

No items available.

Powered by Koha